000 00561nam a2200193Ia 4500
005 20250326140546.0
008 250326s9999 xx 000 0 und d
020 _a0-19-511736-0
037 _aTextbook
040 _aFMSL
_beng
_cFMSL
041 _aeng
_2eng
084 _aX:74 P0
_qFMSL
100 _aRosenthal Sandra B
_9230887
245 0 _aRethinking business ethics: pragmatic approach
_cRosenthal Sandra B; Buchholz Rogene A
260 _aNY
_bNY, Oxford
_c2000
300 _axiv,204
942 _cTB
_hX:74 P0
999 _c1286306
_d1286306